| 000 | 01596nam a2200253Ia 4500 | ||
|---|---|---|---|
| 999 |
_c51985 _d51985 |
||
| 001 | 18988 | ||
| 003 | GE_BSU | ||
| 005 | 20210421171803.0 | ||
| 008 | 181216s2013||||ge |||||||||||||| ||geo|| | ||
| 040 | _cGE_BSU | ||
| 041 | _ageo | ||
| 080 | _a81 გ-61 | ||
| 100 |
_aგოგუაძე, ლეილა _911500 |
||
| 245 |
_aინტერაქტიული მეთოდების გამოყენების პრობლემა უცხოური ენის სწავლებაში / _cლეილა გოგუაძე; სამეცნიერო ხელმძღვანელი ლ. თავდგირიძე, გ. შერვაშიძე; ბათუმის შოთა რუსთაველის სახ-ფო უნ-ტი. |
||
| 264 |
_aბათუმი, _c2013. |
||
| 300 |
_a176 გვ.; _b30 სმ. |
||
| 653 | _aდისერტაცია | ||
| 653 | _aინტერაქტიული მეთოდების გამოყენების პრობლემა უცხოური ენის სწავლებაში | ||
| 653 | _aლიტმცოდნეობა | ||
| 700 |
_aთავდგირიძე ლელა _eსამეცნიერო ხელმძღვანელი _91294 |
||
| 700 |
_aშერვაშიძე, გული _eსამეცნიერო ხელმძღვანელი _911501 |
||
| 710 |
_aბათუმის შოთა რუსთაველის სახ-ფო უნ-ტი _911502 |
||
| 942 |
_cBK _2udc |
||